<?xml version="1.0" encoding="UTF-8"?><?xml-stylesheet type="text/xsl" href="static/style.xsl"?><OAI-PMH xmlns="http://www.openarchives.org/OAI/2.0/" xmlns:xsi="http://www.w3.org/2001/XMLSchema-instance" xsi:schemaLocation="http://www.openarchives.org/OAI/2.0/ http://www.openarchives.org/OAI/2.0/OAI-PMH.xsd"><responseDate>2026-04-14T06:37:01Z</responseDate><request verb="GetRecord" identifier="oai:www.recercat.cat:2445/217692" metadataPrefix="marc">https://recercat.cat/oai/request</request><GetRecord><record><header><identifier>oai:recercat.cat:2445/217692</identifier><datestamp>2025-12-05T05:33:01Z</datestamp><setSpec>com_2072_1057</setSpec><setSpec>col_2072_478857</setSpec><setSpec>col_2072_478917</setSpec></header><metadata><record xmlns="http://www.loc.gov/MARC21/slim" xmlns:dcterms="http://purl.org/dc/terms/" xmlns:xsi="http://www.w3.org/2001/XMLSchema-instance" xmlns:doc="http://www.lyncode.com/xoai" xsi:schemaLocation="http://www.loc.gov/MARC21/slim http://www.loc.gov/standards/marcxml/schema/MARC21slim.xsd">
   <leader>00925njm 22002777a 4500</leader>
   <datafield ind2=" " ind1=" " tag="042">
      <subfield code="a">dc</subfield>
   </datafield>
   <datafield ind2=" " ind1=" " tag="720">
      <subfield code="a">Sola, Diego, 1988-</subfield>
      <subfield code="e">author</subfield>
   </datafield>
   <datafield ind2=" " ind1=" " tag="260">
      <subfield code="c">2025-01-20T15:12:14Z</subfield>
   </datafield>
   <datafield ind2=" " ind1=" " tag="260">
      <subfield code="c">2025-01-20T15:12:14Z</subfield>
   </datafield>
   <datafield ind2=" " ind1=" " tag="260">
      <subfield code="c">2023</subfield>
   </datafield>
   <datafield ind2=" " ind1=" " tag="260">
      <subfield code="c">2025-01-20T15:12:14Z</subfield>
   </datafield>
   <datafield ind2=" " ind1=" " tag="520">
      <subfield code="a">[spa] En el siglo xvi varias órdenes religiosas intentaron entrar en China y consolidaruna misión católica permanente. Este trabajo se centra en el escenario de rivali-dad, pero también de cooperación, que se generó en el proceso, fallido, de cristia-nización del Celeste Imperio, con atención a las provincias conventuales de origencastellano de las órdenes mendicantes, así como su compleja relación con los jesui-tas, a modo de breve estado de la cuestión y de presentación del tipo de fuentes quepermiten reconstruir una auténtica «carrera» por la evangelización que se libróentre los siglos xvi y xvii, con China, Filipinas, Lisboa, Madrid y Roma comoescenarios de competencia y convergencia de intereses misionales.</subfield>
   </datafield>
   <datafield ind2=" " ind1=" " tag="520">
      <subfield code="a">[eng] In the 16th century several religious orders attempted to enter in China and consolidate&#xd;
a permanent Catholic mission there. This work focuses on the scenario&#xd;
of rivalry, but also cooperation, that was generated in the failed process of Christianization&#xd;
of the Celestial Empire, with attention to the mendicant religious provinces&#xd;
of Castilian origin, as well as their complex relationship with the Jesuits, as a&#xd;
short state of the art and presentation of the type of sources that allow us to reconstruct&#xd;
an authentic «race» for evangelization that was fought between the 16th and&#xd;
17th centuries, with China, the Philippines, Lisbon, Madrid and Rome as scenes&#xd;
of competition and convergence of missionary interests.</subfield>
   </datafield>
   <datafield tag="653" ind2=" " ind1=" ">
      <subfield code="a">Evangelització</subfield>
   </datafield>
   <datafield tag="653" ind2=" " ind1=" ">
      <subfield code="a">Missioners</subfield>
   </datafield>
   <datafield tag="653" ind2=" " ind1=" ">
      <subfield code="a">Xina</subfield>
   </datafield>
   <datafield tag="653" ind2=" " ind1=" ">
      <subfield code="a">Corona Catalanoaragonesa</subfield>
   </datafield>
   <datafield tag="653" ind2=" " ind1=" ">
      <subfield code="a">Evangelistic work</subfield>
   </datafield>
   <datafield tag="653" ind2=" " ind1=" ">
      <subfield code="a">Missionaries</subfield>
   </datafield>
   <datafield tag="653" ind2=" " ind1=" ">
      <subfield code="a">China</subfield>
   </datafield>
   <datafield tag="653" ind2=" " ind1=" ">
      <subfield code="a">Crown of Aragon</subfield>
   </datafield>
   <datafield tag="653" ind2=" " ind1=" ">
      <subfield code="a">Segle XVI-segle XVII</subfield>
   </datafield>
   <datafield ind2="0" ind1="0" tag="245">
      <subfield code="a">La «carrera» por la evangelización de China: Competencia y convergencia de intereses misionales entre épocas Ming y Qing (1575-1700)</subfield>
   </datafield>
   <datafield ind2="0" ind1="0" tag="245">
      <subfield code="a">The «race» for the evangelization of China: Competition and convergence&#xd;
of missionary interests between the Ming and Qing eras (1575-1700).</subfield>
   </datafield>
</record></metadata></record></GetRecord></OAI-PMH>